| 000 | 00528cam a22002054a 4500 | ||
|---|---|---|---|
| 005 | 20250605164254.0 | ||
| 008 | 250528s ||||||||||||||||||||||||d | ||
| 035 | _a21846 | ||
| 020 | _a9789603871637 | ||
| 040 |
_aGR-AtMCL _bgre _dGR-AtMCL _eAACR2 |
||
| 245 | 1 | _aECDL ADVANCED WORD 2002 | |
| 250 | _a1 | ||
| 260 |
_bΓκιουρδας, _c2002 |
||
| 300 | _a433 | ||
| 700 | 1 |
_aΓαβανα Αναστασια _97754 |
|
| 700 | 1 |
_aΛεοντιος Μανος _95862 |
|
| 942 | _cBK | ||
| 999 |
_c6904 _d6904 |
||